Spoločníkmi návštevníkov BIO RADIA v Košiciach boli potkany

Bibliographic Details
Main Author: Hézsely, Ladislav (Author)
Format: Article
Language:Slovak
PhysicalDescription:Obr.
ISSN:1335-4566
Subjects:

MARC

LEADER 00000nab a2200000 a 4500
001 vtls008888918
003 SK-MaSNL
005 20260303061813.0
008 061207 20061207xo dr er 000 0 slo
038 |a KEVKJB 
040 |a KEVKJB  |b slo  |c KEVKJB  |e AACR2 
041 0 |a slo 
044 |a xo  |c SK 
080 |a 791.43  |2 2001 
100 1 |a Hézsely, Ladislav  |4 aut  |9 1056592 
245 1 0 |a Spoločníkmi návštevníkov BIO RADIA v Košiciach boli potkany  |c Ladislav Hézsely 
300 |b Obr. 
610 2 7 |a Bio-Rádió (kino : Košice, Slovensko)  |2 kevkjb  |9 1056593 
650 0 7 |a kiná  |z Košice (Slovensko)  |2 kevkjb  |9 31674 
651 7 |a Košice (Slovensko)  |2 kevkjb  |9 18694 
773 0 |t Košický denník Korzár  |g Roč. IX, č. 281 (7.12.2006), s. 20  |x 1335-4566 
852 |a KEVKJB  |b KIS3GCP 
999 |c 1736863  |d 1738793